| 000 | 00613nam a22001937a 4500 | ||
|---|---|---|---|
| 005 | 20160802111616.0 | ||
| 010 | _aENG-115613 | ||
| 020 |
_a9789351437314 _c595.00 |
||
| 035 | _aEN-99145 | ||
| 037 | _bDBAD/PUB | ||
| 082 | _a332.6324 | ||
| 100 | _aLakhotia,Subhash | ||
| 245 |
_aInvesting in real estate : _cby Subhash Lakhotia _bhow to make money and save tax / |
||
| 250 | _a. | ||
| 260 |
_aGurgaon _bLexis Nexis _c2016 |
||
| 270 |
_a14th Floor, Building No.10, Tower-B, DLF Cyber City, Phase-II _bGurgaon _e122002 |
||
| 300 |
_axiii,452p. _c22cm(pbk) |
||
| 942 |
_2ddc _cEN _mLAK _h332.6324 |
||
| 999 |
_c101717 _d101717 |
||